Sports Quiz

Random Sports or Baseball Quiz

MLB MVPs Same Team Different Player Quiz Stats

 Plays Quiz not verified by Sporcle

Challenge
Share
Tweet
Embed
Score 0/56 Timer 10:00
0 Plays Today
Players % Correct
Barry Bonds
98.9%
Ryan Howard
98.6%
Elston Howard
98.2%
Jimmy Rollins
95%
Mickey Mantle
92.2%
Mickey Mantle
92.2%
Jeff Kent
90%
Kurt Warner
86.5%
Roger Maris
86.1%
Joe Dimaggio
86.1%
Pete Rose
85.4%
Ivan Rodriguez
84.3%
Yogi Berra
83.6%
Yogi Berra
83.6%
Robin Yount
82.2%
Johnny Bench
81.5%
Stan Musial
81.5%
Joe Morgan
81.1%
Marshall Faulk
80.8%
Johnny Unitas
79.4%
Bill Russell
79.4%
Juan Gonzalez
79%
Willie Stargell
76.5%
Bob Gibson
70.8%
Jimmy Foxx
70.5%
Sandy Koufax
68.3%
Hank Greenberg
66.5%
Bob Cousy
65.5%
Players % Correct
Bobby Orr
63.7%
Joe Theismann
59.1%
George Foster
57.3%
Roy Campanella
53.4%
Dave Parker
50.9%
Rollie Fingers
47%
Bobby Hull
45.2%
Phil Rizzuto
43.4%
Phil Esposito
38.4%
Maury Wills
37.7%
Don Newcombe
36.3%
Stan Mikita
35.2%
Orlando Cepeda
29.2%
Lefty Grove
28.5%
Mort Cooper
25.3%
Mickey Cochrane
24.6%
Joe Gordon
23.5%
Ernie Lombardi
21%
Earl Morrall
19.6%
Mark Moseley
17.4%
Marty Marion
13.5%
Spud Chandler
13.5%
Howie Morenz
11.7%
Jacques Morenz
11.7%
Bucky Walters
11%
Frank McCormick
10.7%
Bernie Geoffrion
9.6%
Herb Gardiner
2.1%

You're not logged in!

Compare scores with friends on all Sporcle quizzes.
Join for Free
OR
Log In

You Might Also Like...

Show Comments

Extras

Top Quizzes Today


Score Distribution

Your Account Isn't Verified!

In order to create a playlist on Sporcle, you need to verify the email address you used during registration. Go to your Sporcle Settings to finish the process.

Report this User

Report this user for behavior that violates our Community Guidelines.

Details: